Kursus Persembahan Berkesan : Infografik, 3-5 Jun 2025

Bibliographic Details
Format: Book
Language:Malay
Published: Kajang : Institut Penilaian Negara (INSPEN) 2025
Series:Program Latihan 2025
Subjects:

MARC

LEADER 00000cam a2200000 7i4500
001 0000031302
005 20260224.0
008 260210 my a may
040 |a INS   |b eng   |c INS   |e rda 
090 0 0 |a AV187 
245 1 0 |a Kursus Persembahan Berkesan :   |b Infografik, 3-5 Jun 2025 
264 1 |a Kajang :   |b Institut Penilaian Negara (INSPEN)   |c 2025 
300 |a 1 volume (various pagination) :   |b illustrations ;   |c 30 cm. 
336 |a text  |2 rdacontent 
337 |a unmediated  |2 rdamedia 
338 |a volume  |2 rdacarrier 
650 0 |a Graphic design   |z Malaysia 
650 0 |a Information visualization 
830 0 |a Program Latihan 2025 
999 |a AV00000402   |b BOOK   |c Course Notes   |e Default branch